000 00426nam a2200145Ia 4500
008 100122s9999 xx 000 0 und d
082 _b6625
_a823.08
100 _aमाटे श्री म
245 _aमाणुसकीचा गहिवर
260 _c1948
300 _a90
630 _aमाणुसकीचा गहिवर
730 _aमाणुसकीचा गहिवर
942 _cBOOK
999 _c399602
_d399599